| 000 | 00503nam a2200205Ia 4500 | ||
|---|---|---|---|
| 003 | GCL | ||
| 008 | 140319s9999 xx 000 0 eng d | ||
| 040 |
_aGCL / _cGCL |
||
| 082 | 0 | 4 |
_a004.67 _bB C |
| 100 | 1 | _aO'DELL DEREK | |
| 245 | 1 | 0 |
_aCREATING SHOCKWAVE WEB PAGES / _cO'DELL DEREK |
| 700 | 1 | _aBOARD, PERRY | |
| 700 | 1 | _aLUNA, RICK | |
| 260 |
_a[S.N] : _bQUE ، _c1996 |
||
| 300 | _a314 P | ||
| 650 | 0 | 4 | _aشعر الحرب |
| 650 | 0 | 4 | _aWORLD WIDE WEB |
| 650 | 0 | 4 | _aINTERNET |
| 942 |
_2ddc _cBK |
||
| 999 |
_c14182 _d14182 |
||